Oscar Nominated 'A' Films Quiz Stats

Quiz Updated Oct 7, 2017

Challenge
Share
Tweet
Score 0/20 Timer 06:00
0 Plays Today
% Correct
Avatar
98.6%
American Beauty
92.6%
Apollo 13
91.7%
American Sniper
91.3%
Argo
90.6%
Amadeus
89.5%
The Aviator
86.7%
Annie Hall
86.1%
Around the World in 80 Days
80.6%
American Hustle
74.5%
% Correct
The Artist
70.5%
Apocalypse Now
60.3%
All About Eve
51%
All Quiet on the Western Front
47.2%
An American in Paris
44.9%
The Apartment
44.3%
All the King's Men
20.3%
Atlantic City
14.4%
Anomalisa
12.6%
All That Jazz
7.1%

You're not logged in!

Compare scores with friends on all Sporcle quizzes.
Sign Up with Email
OR
Log In

You Might Also Like...

Show Comments

Extras

Top Quizzes Today


Score Distribution

Your Account Isn't Verified!

In order to create a playlist on Sporcle, you need to verify the email address you used during registration. Go to your Sporcle Settings to finish the process.

Report this User

Report this user for behavior that violates our Community Guidelines.

Details: